Регионална библиотека "Любен Каравелов" - Русе

Цифровите снимки (Запис номер 109695)

MARC детайли
000 -Лидер
Лидер 01882nam a2200421 a 4500
003 - Код на организацията, давaща контролен номер
Код на организацията, даваща контролен номер BLK
005 - Дата и час на последна редакция
Дата и час на последна редакция 20240606091113.0
008 - Елементи от данни с фиксирана дължина
Елементи с фиксирана дължина 180409b bul|||||r ||||||| ||bul||
010 ## - Наследен системен номер
LC control number KNG00115014000
020 ## - Международен стандартен номер на книга ISBN
ISBN 954-446-795-5
040 ## - Източник на каталожния запис
Код на библиотеката BLK
041 ## - Код за език
Език Български
Език за КДБФ Български
080 ## - УДК
УДК текст Фотографска техника и процеси. Вж и 771
УДК код 77.02
УДК – определител :681.3(035)
УДК – код + определител 77.02:681.3(035)
080 ## - УДК
УДК текст Апаратура за снимки. Фотоапарати. Фотоувеличители
УДК код 771.3
УДК – определител :681.3(035)
УДК – код + определител 771.3:681.3(035)
100 1# - Редна дума - Автор
Автор Шепърд, Роб
R(LIN) 311635
245 10 - Сведения за заглавието
Заглавие Цифровите снимки
Подзаглавни данни Практ. ръководство
Авторска отговорност Роб Шепърд; прев. от англ. Иван Динев Бакалов.
257 ## - Страна на издаване
Страна на създаване/издаване Съединени американски щати
260 ## - Област на издателските данни
Място на издаване София
Име на издателя Егмонт България
Година на издаване 2004
Печатница София : Лито Балкан
300 ## - Физическа характеристика
Брой страници 160 с.
Илюстрации със сн.
Размер 22 см
380 ## - Жанр
Жанр Изкуство
490 ## - СЕРИИ (Колекции)
Серия Тайните на фотографията
500 ## - Общи забележки
Обща забележка Без сведение за ориг. загл. - Авт. не е отбелязан на кор. Изд. на National geographic.
650 #4 - Допълнително описание по предмет – тема
Предметна рубрика Фотография
9 (RLIN) 175953
650 #4 - Допълнително описание по предмет – тема
Предметна рубрика Цифрова обработка на изображения
9 (RLIN) 177336
650 #4 - Допълнително описание по предмет – тема
Предметна рубрика ЕИМ - приложение - във фотографията
9 (RLIN) 311636
653 ## - Ключова дума – ненормативна
Ключови думи цифрови изображения
653 ## - Ключова дума – ненормативна
Ключови думи фотография
653 ## - Ключова дума – ненормативна
Ключови думи наръчници
653 ## - Ключова дума – ненормативна
Ключови думи ръководства
700 1# - Други автори (авторска отговорност)
Друг автор Бакалов, Иван Динев
Авт. отговорност на др. автор прев. от англ.
9 (RLIN) 372455
852 ## - Местоположение
Сигнатура (форматна) Цб 220874
856 4# - Електронен адрес и достъп
Електронен формат pdf - файл
856 4# - Електронен адрес и достъп
Електронен формат pdf - файл
942 ## - АРТИКУЛИ
Вид на библиотечния документ Книги
Скрит в OPAC Не
Koha issues (borrowed), all copies 1
944 ## - СЪЗДАВАНЕ И РЕДАКЦИЯ на ЗАПИСА
Създаване/Редакция Създаване
Дата на регистрацията/редакция 16.09.2004
Служител, извършил регистрацията/редакцията 30542
Номер на служител Русанова Ирена
944 ## - СЪЗДАВАНЕ И РЕДАКЦИЯ на ЗАПИСА
Създаване/Редакция Редакция
Дата на регистрацията/редакция 05.06.2024
Служител, извършил регистрацията/редакцията ир
999 ## - СИСТЕМНИ КОНТРОЛНИ НОМЕРА
Koha biblionumber 109695
Koha biblioitemnumber 109695
Наличности
Код за отписване Код за изгубен артикул Източник на класификационната схема Код за повреда Коз за рестрикции Код за отдаване Артикулен № Име на библиотеката - собственик Име на библиотеката, в която се намира в момента Статус (Текущо местоположение) Дата на вписване в системата Местоположение - отдел Цена в лева Инвентарен номер Систематично азбучна сигнатура Баркод Номер на екземпляра Цена в евро Служебна бележка Служебен тип на артикула
  Не е изгубен Universal Decimal Classification Не е повреден без рестрикции заемане за дома 176717 Регионална библиотека "Любен Каравелов" Русе Регионална библиотека "Любен Каравелов" Русе Отдел Изкуство - подръчен фонд 2004-09-16 Отдел Изкуство - подръчен фонд 12.90 120000688500 77/Ш 56 120000688500 1 6.60 Дост: Pk Вид: Ф N: 8885 Дата: 07.09.2004 Дата инв: 08.06.2012 Бележки инв: * Книги
  Не е изгубен Universal Decimal Classification Не е повреден без рестрикции ползва се в читалня 176718 Регионална библиотека "Любен Каравелов" Русе Регионална библиотека "Любен Каравелов" Русе Хранилище 2005-09-27 Хранилище 12.90 120000696947 Цб 220874 120000696947 2 6.60 Дост: Dp Вид: Д N: 39 Дата: 15.09.2004 Книги
  Не е изгубен Universal Decimal Classification Не е повреден без рестрикции заемане за дома 176719 Регионална библиотека "Любен Каравелов" Русе Регионална библиотека "Любен Каравелов" Русе Отдел Изкуство - подръчен фонд 2007-11-30 Отдел Изкуство - подръчен фонд 12.90 120000720811 77/Ш 56 120000720811 3 6.60 Дост: Pk Вид: Ф N: 11787 Дата: 27.11.2007 Дата инв: 31.01.2018 Бележки инв: ИП2015 Книги
  Не е изгубен   Не е повреден без рестрикции заемане за дома 176720 Регионална библиотека "Любен Каравелов" Русе Регионална библиотека "Любен Каравелов" Русе Детски отдел 2010-03-29 Детски отдел 12.90 120000742907 ДН 77/Ш 56 120000742907 4 6.60 Дост: DA Вид: А N: 10 Дата: 29.03.2010 Дата инв: 21.08.2015 Бележки инв: Д2015 Книги
Vip Innovations Ltd, Rousse, Bulgaria 2025